00566cam a22002051 4500001001300000003000400013005001700017008004100034010001700075035002000092040001800112042001200130050001900142100001800161245006700179260005800246300001800304650002100322999001700343ca 36001784 DLC20260227111144.0890509s1924 nyu 000 0 eng  aca 36001784  a(OCoLC)19679638 aDLCcRPBdDLC apremarc00aPN6120.C5bH351 aHartman, Zoe.10aSanta Claus b̕usy day,ba play in one act,cby Z. Hartman ... aNew York,bFitzgerald Publishing Corporation,cc1924. a17 p.c18 cm. 0aChristmas plays. c18368d18368